<?xml version="1.0" encoding="UTF-8"?>
<record
    xmlns:xsi="http://www.w3.org/2001/XMLSchema-instance"
    xsi:schemaLocation="http://www.loc.gov/MARC21/slim http://www.loc.gov/standards/marcxml/schema/MARC21slim.xsd"
    xmlns="http://www.loc.gov/MARC21/slim">

  <leader>01248nam a2200289Ia 4500</leader>
  <controlfield tag="001">Z_6624</controlfield>
  <controlfield tag="008">220601s9999    xx            000 0 und d</controlfield>
  <datafield tag="020" ind1=" " ind2=" ">
    <subfield code="a">978-607-15-0270-4</subfield>
  </datafield>
  <datafield tag="082" ind1=" " ind2=" ">
    <subfield code="a">519.2 S65 2010</subfield>
  </datafield>
  <datafield tag="100" ind1=" " ind2=" ">
    <subfield code="a">Spiegel, Murray R.</subfield>
    <subfield code="9">109217</subfield>
  </datafield>
  <datafield tag="245" ind1=" " ind2=" ">
    <subfield code="a">Probabilidad y estad&#xED;stica / Murray R. Spiegel ... [et al]; revisi&#xF3;n t&#xE9;cnica Ra&#xFA;l G&#xF3;mez Castillo y Hever Honorato Cervantes; traducci&#xF3;n Mar&#xED;a del Carmen Enriqueta Hano Roa y Gabriel Nagore C&#xE1;zares</subfield>
  </datafield>
  <datafield tag="250" ind1=" " ind2=" ">
    <subfield code="a">3a ed.</subfield>
  </datafield>
  <datafield tag="260" ind1=" " ind2=" ">
    <subfield code="a">M&#xE9;xico : McGraw-Hill</subfield>
  </datafield>
  <datafield tag="300" ind1=" " ind2=" ">
    <subfield code="a">425 p.</subfield>
  </datafield>
  <datafield tag="440" ind1=" " ind2=" ">
    <subfield code="a">Schaum</subfield>
    <subfield code="9">102914</subfield>
  </datafield>
  <datafield tag="500" ind1=" " ind2=" ">
    <subfield code="a">Traducci&#xF3;n de la obra en ingl&#xE9;a: Schaum&#xB4;s outline of theory and problems of probability and statistics</subfield>
  </datafield>
  <datafield tag="503" ind1=" " ind2=" ">
    <subfield code="a">ej.1: consumo \ ej.2: consumo \ ej.3: consumo</subfield>
  </datafield>
  <datafield tag="650" ind1=" " ind2=" ">
    <subfield code="a">1. Probabilidad -- Problemas, ejercicios, etc. </subfield>
  </datafield>
  <datafield tag="650" ind1=" " ind2=" ">
    <subfield code="a">Probabilidad -- Estudio y ense&#xF1;anza </subfield>
  </datafield>
  <datafield tag="650" ind1=" " ind2=" ">
    <subfield code="a">Estad&#xED;stica matem&#xE1;tica</subfield>
    <subfield code="9">38261</subfield>
  </datafield>
  <datafield tag="700" ind1=" " ind2=" ">
    <subfield code="a">G&#xF3;mez Castillo, Ra&#xFA;l, rev. \ Honorato Cervantes, Hever, rev. \ Hano Roa, Mar&#xED;a del Carmen Enriqueta, tr. \ Nagore C&#xE1;zares, Gabriel, tr.&#xCC;</subfield>
    <subfield code="9">184042</subfield>
  </datafield>
  <datafield tag="901" ind1=" " ind2=" ">
    <subfield code="a">519.2 S65 2010</subfield>
  </datafield>
  <datafield tag="902" ind1=" " ind2=" ">
    <subfield code="a">A</subfield>
  </datafield>
  <datafield tag="905" ind1=" " ind2=" ">
    <subfield code="a">523227               2010           mx mnt 8221113311spa16</subfield>
  </datafield>
  <datafield tag="942" ind1=" " ind2=" ">
    <subfield code="c">1</subfield>
  </datafield>
  <datafield tag="999" ind1=" " ind2=" ">
    <subfield code="c">217154</subfield>
    <subfield code="d">217154</subfield>
  </datafield>
</record>
